| 000 | 01305 a2200253 4500 | ||
|---|---|---|---|
| 003 | Nust | ||
| 005 | 20220817124716.0 | ||
| 010 | _a 99045837 | ||
| 020 | _a1580530125 (alk. paper) | ||
| 020 | _a1580532012 (electronic bk.) | ||
| 040 | _cNust | ||
| 082 | 0 | 0 | _a621.38212,MUL |
| 100 | 1 |
_aMuller, Nathan J. _994455 |
|
| 245 | 1 | 0 |
_aIP convergence : _bthe next revolution in telecommunications / _cNathan J. Muller. |
| 260 |
_aBoston : _bArtech House, _cc2000. |
||
| 300 |
_axix, 477 p. : _bill. ; _c24 cm. |
||
| 440 | 0 |
_aArtech House telecommunications library _994181 |
|
| 505 | _aThe Once and Future Protocol I (Page-1), The Concept and Ramifications of IP Telephony (Page-49),Value-added Application: The Internet Call Center (Page-93), Infrastructure for Voice Data Convergence (Page-143), Voice Data Convergence in the Home and on the Road (Page-199), Next generation Networks (Page-243), Third Generation Wireless Networks (Page-279), Convergence via Multiservice Internetworking (Page-319), Current Regulatory Environment (Page-351), | ||
| 650 | 0 |
_aConvergence (Telecommunication) _997097 |
|
| 650 | 0 |
_aTCP/IP (Computer network protocol) _924824 |
|
| 650 | 0 | _aTelecommunication engineering | |
| 856 | 4 | 1 | _uhttp://www.netLibrary.com/urlapi.asp?action=summary&v=1&bookid=40323 |
| 942 |
_cREF _2ddc |
||
| 999 |
_c175715 _d175715 |
||